Les belges au Guatemala (1840-1845). (Record no. 165555)
[ view plain ]
| 000 -LEADER | |
|---|---|
| fixed length control field | 01228cam9a220022900 4500 |
| 001 - CONTROL NUMBER | |
| control field | tmp15223795 |
| 003 - CONTROL NUMBER IDENTIFIER | |
| control field | UPRA |
| 005 - DATE AND TIME OF LATEST TRANSACTION | |
| control field | 20190826103245.0 |
| 008 - FIXED-LENGTH DATA ELEMENTS--GENERAL INFORMATION | |
| fixed length control field | 950718s1955 be fre u |
| 035 ## - SYSTEM CONTROL NUMBER | |
| System control number | (Sirsi) r105022 |
| 035 ## - SYSTEM CONTROL NUMBER | |
| System control number | (UPRA)tmp15223795 |
| 040 ## - CATALOGING SOURCE | |
| Transcribing agency | UPRA |
| 100 1# - MAIN ENTRY--PERSONAL NAME | |
| Personal name | Fabri, Joseph. |
| Linkage | A62011.1 |
| 245 14 - TITLE STATEMENT | |
| Title | Les belges au Guatemala (1840-1845). |
| 260 ## - PUBLICATION, DISTRIBUTION, ETC. | |
| Place of publication, distribution, etc. | Bruxelles, |
| Date of publication, distribution, etc. | 1955. |
| 490 1# - SERIES STATEMENT | |
| Series statement | Academie Royale des Sciences d'outre-mer. Classe des Sciences Morales et Politiques. Memoires in-8 . Nouv. Ser. ; |
| Volume/sequential designation | t. 2, fasc. 1 |
| 504 ## - BIBLIOGRAPHY, ETC. NOTE | |
| Bibliography, etc. note | Bibliography: p. [10]-14. |
| 650 #0 - SUBJECT ADDED ENTRY--TOPICAL TERM | |
| Topical term or geographic name entry element | Belgians -- Guatemala. |
| Geographic subdivision | Belgians -- Guatemala. |
| Linkage | S48304.1 |
| 810 2# - SERIES ADDED ENTRY--CORPORATE NAME | |
| Corporate name or jurisdiction name as entry element | Academie royale des sciences d'outre-mer. Classe des sciences morales et politiques. Memoires in-8 . Nouv. Ser ; |
| Subordinate unit | Academie royale des sciences d'outre-mer. Classe des sciences morales et politiques. Memoires in-8 . Nouv. Ser ; |
| Title of a work | Academie royale des sciences d'outre-mer. Classe des sciences morales et politiques. Memoires in-8 . Nouv. Ser ; |
| Name of part/section of a work | Academie royale des sciences d'outre-mer. Classe des sciences morales et politiques. Memoires in-8 . Nouv. Ser ; |
| Volume/sequential designation | t. 2, fasc. 1 |
| Linkage | S9893.1 |
| 949 ## - LOCAL PROCESSING INFORMATION (OCLC) | |
| a | DT1.A2 |
| w | lcc |
| i | -149204 |
| m | MAIN |
| t | BOOK |
| l | ON-SHELF |
No items available.